The tailed head – hunters of Nigeria an account of an official’s seven years’ experience in the Norther Nigerian pagan belt, and a description of the manners, habits, and customs of the native tribes

Tallennettuna:
Bibliografiset tiedot
Päätekijä: TREMEANE, Arthur John Newman 1877 – 1915
Aineistotyyppi: Kirja
Kieli:englanti
Julkaistu: Seeley 1912
Tagit: Lisää tagi
Ei tageja, Lisää ensimmäinen tagi!

MARC

LEADER 00000nam a22000007a 4500
008 201222b ||||| |||| 00| 0 eng d
100 |a TREMEANE, Arthur John Newman 1877 – 1915 
245 |a The tailed head – hunters of Nigeria  |b an account of an official’s seven years’ experience in the Norther Nigerian pagan belt, and a description of the manners, habits, and customs of the native tribes  |c  Arthur John Newman Tremeane 
260 |b Seeley  |c 1912  |h London  |i 177116  |l DT515 .T721 
942 |a lcc  |c BK  |e ADEYEYE Y. S.  |f 22/12/2020 
952 |0 0  |1 0  |2 lcc  |4 0  |6 DT0515 T721  |7 0  |9 1138  |a HOL  |b AC  |c AF  |d 2020-12-22  |l 0  |o DT515 .T721  |p 2020-230345  |r 2020-12-22 00:00:00  |w 2020-12-22  |y BK 
999 |c 594  |d 594